MARC details
| 000 -LEADER |
| fixed length control field |
02848nam a22003977a 4500 |
| 003 - CONTROL NUMBER IDENTIFIER |
| control field |
KnowledgeUnlatched |
| 005 - DATE AND TIME OF LATEST TRANSACTION |
| control field |
20210303104748.0 |
| 006 - FIXED-LENGTH DATA ELEMENTS--ADDITIONAL MATERIAL CHARACTERISTICS |
| fixed length control field |
m o d |
| 007 - PHYSICAL DESCRIPTION FIXED FIELD--GENERAL INFORMATION |
| fixed length control field |
cr u|||||||||| |
| 008 - FIXED-LENGTH DATA ELEMENTS--GENERAL INFORMATION |
| fixed length control field |
210129p20192020xx o u00| u eng d |
| 037 ## - SOURCE OF ACQUISITION |
| Institution to which field applies |
BiblioBoard |
| 020 ## - INTERNATIONAL STANDARD BOOK NUMBER |
| International Standard Book Number |
9789286142727 |
| 024 8# - OTHER STANDARD IDENTIFIER |
| Standard number or code |
https://doi.org/10.2867/24044 |
| 029 1# - OTHER SYSTEM CONTROL NUMBER (OCLC) |
| OCLC library identifier |
https://library.biblioboard.com/ext/api/media/9faeae9f-d5a2-41fe-845c-51e0a0b58aa8/assets/thumbnail.jpg |
| 040 ## - CATALOGING SOURCE |
| Original cataloging agency |
ScCtBLL |
| Transcribing agency |
ScCtBLL |
| 100 1# - MAIN ENTRY--PERSONAL NAME |
| Personal name |
Brunello, Giorgio |
| Relator term |
author. |
| 245 00 - TITLE STATEMENT |
| Title |
EIB Working Papers 2019/05 - Skill shortages and skill mismatch in Europe |
| Remainder of title |
A review of the literature / |
| Statement of responsibility, etc. |
Giorgio Brunello, European Investment Bank, Patricia Wruuck. |
| Number of part/section of a work |
Volume 2019/5 |
| 264 #1 - PRODUCTION, PUBLICATION, DISTRIBUTION, MANUFACTURE, AND COPYRIGHT NOTICE |
| Name of producer, publisher, distributor, manufacturer |
European Investment Bank, |
| 300 ## - PHYSICAL DESCRIPTION |
| Extent |
1 online resource (1 p.) |
| 490 1# - SERIES STATEMENT |
| Series statement |
EIB Working Papers |
| 506 0# - RESTRICTIONS ON ACCESS NOTE |
| Terms governing access |
Access copy available to the general public. |
| Standardized terminology for access restriction |
Unrestricted |
| Source of term |
star |
| 520 ## - SUMMARY, ETC. |
| Summary, etc. |
Labour markets are undergoing structural transformation due to globalisation, demographic trends, advancing digital technologies and automation and changes in labour market institutions. Against this background, businesses increasingly report that the limited availability of skills poses an impediment to corporate investment. Genuine skill constraints can negatively affect labour productivity and hamper the ability to innovate and adopt technological developments. For individual Europeans, not having "the right skills" limits employability prospects and access to quality jobs. For Europe at large, persistent skill gaps and mismatches come at economic and social costs. This paper reviews the recent economic literature on skill mismatch and skill shortages, with a focus on Europe. It questions: how the job requirements of individuals can be measured; whether skill shortages stated by employers reflect the lack of suitable candidates or are due instead to the wage and working conditions being offered; what economic costs are posed by skill mismatch and shortages; and how policy can address the issue of skills, including the role of EU policies. |
| 588 0# - SOURCE OF DESCRIPTION NOTE |
| Source of description note |
Description based on print version record. |
| 590 ## - LOCAL NOTE (RLIN) |
| Local note |
KU Open Services |
| 650 #7 - SUBJECT ADDED ENTRY--TOPICAL TERM |
| Topical term or geographic name entry element |
Business & Economics / Finance |
| Source of heading or term |
bisacsh |
| 650 #0 - SUBJECT ADDED ENTRY--TOPICAL TERM |
| Topical term or geographic name entry element |
Economics |
| 655 #0 - INDEX TERM--GENRE/FORM |
| Genre/form data or focus term |
Electronic books. |
| 700 1# - ADDED ENTRY--PERSONAL NAME |
| Personal name |
European Investment Bank |
| Relator term |
editor. |
| 700 1# - ADDED ENTRY--PERSONAL NAME |
| Personal name |
Wruuck, Patricia |
| Relator term |
author. |
| 758 ## - |
| -- |
Is found in: |
| -- |
Knowledge Unlatched |
| -- |
https://openresearchlibrary.org/module/2774bc74-146a-484f-a7ba-ab1d6a09bbfb |
| 830 0# - SERIES ADDED ENTRY--UNIFORM TITLE |
| Uniform title |
EIB Working Papers |
| 856 40 - ELECTRONIC LOCATION AND ACCESS |
| Uniform Resource Identifier |
<a href="https://openresearchlibrary.org/content/9faeae9f-d5a2-41fe-845c-51e0a0b58aa8">https://openresearchlibrary.org/content/9faeae9f-d5a2-41fe-845c-51e0a0b58aa8</a> |
| Public note |
View this content on Open Research Library. |
| -- |
0 |